Επετηρίς : εκδιδόμενη υπο της Ανωτέρας Σχολής Βιομηχανικών Σπουδών

Αποθηκεύτηκε σε:
Λεπτομέρειες βιβλιογραφικής εγγραφής
Συγγραφή απο Οργανισμό/Αρχή: Ανωτέρα Σχολή Βιομηχανικών Σπουδών
Μορφή: Βιβλίο
Γλώσσα:Greek
Δημοσίευση: Εν Αθήναις : [χ.ό], 1947-1948.
Θέματα:
Ετικέτες: Προσθήκη ετικέτας
Δεν υπάρχουν, Καταχωρήστε ετικέτα πρώτοι!

MARC

LEADER 00000cam a2200000 i 4500
001 1/63459
008 150114s19471948gr | ||| |||| ||gre||
035 |l 10120417 
040 |a GR-MyUA  |b gre  |e AACR2 
041 0 |a gre 
082 0 |a 050  |2 (23) 
245 1 0 |a Επετηρίς :   |b εκδιδόμενη υπο της Ανωτέρας Σχολής Βιομηχανικών Σπουδών /   |c προεδρεύοντος Τάκη Β. Κάντζια ; διευθύνοντος Στρ. Κ. Παπαϊωάννου.  
260 |a Εν Αθήναις :   |b [χ.ό],   |c 1947-1948.  
300 |a ιστ', 419 σ. :   |b πιν. ;   |c 26 εκ.  
500 |a Ανωθεν του εξωφύλλου και της σ.τ.:Ακαδημαϊκόν Έτος 1947-1948.  
500 |a Στη σ.τ. σφραγίδα "Δια την Σχολικήν Βιβλιοθήκην", στη σ. [γ] σφραγίδα "Δημόσια Εμπορική Σχολή Σάμου εν Καρλοβασίω 1945".  
650 0 0 |a Yearbooks. 
710 2 |a Ανωτέρα Σχολή Βιομηχανικών Σπουδών. 
852 |a INST  |b SAMOS  |c PORFYRIADA  |e 20150114  |h 050 ΕΠΕ  |p 005300041214  |q 005300041214  |t NOLOAN  |y 23 
901 |a BIBL3-2015-1 
909 |a Σ  |b 185805 
970 |a ΚΟΣΙΕΡΗΣ  |b ΧΡΗΣΤΟΣ  |z 2015/01/14